First Names of Fashion Designers - Statistics

General Stats
  • This quiz has been taken 34,321 times
  • The average score is 14 of 21
Answer Stats
First Last % Correct
Calvin Klein
96%
Coco Chanel
90%
Ralph Lauren
85%
Yves Saint Laurent
82%
Giorgio Armani
81%
Christian Dior
80%
Michael Kors
80%
Jimmy Choo
78%
Marc Jacobs
77%
Vera Wang
75%
Stella McCartney
66%
Alexander McQueen
63%
Oscar de la Renta
63%
Donna Karan
55%
Tom Ford
55%
Gianni Versace
45%
Diane von Fürstenberg
42%
Liz Claiborne
39%
Manolo Blahnik
39%
Kenneth Cole
31%
Gloria Vanderbilt
30%
No matching quizzes found
Score Distribution
Percent of People with Each Score
Percentile by Number Answered
Your Score History
You have not taken this quiz